书目信息 |
| 题名: |
从传统图书馆到数字图书馆
|
|
| 作者: | 富平 著 | |
| 分册: | ||
| 出版信息: | 北京 北京图书馆出版社 2007.07 |
|
| 页数: | 259页 | |
| 开本: | 23cm | |
| 丛书名: | 当代中国图书馆学研究文库 | |
| 单 册: | ||
| 中图分类: | G25-53 | |
| 科图分类: | ||
| 主题词: | 数字图书馆--shu zi tu shu guan--文集 , 图书馆工作--tu shu guan gong zuo--文集 , 图书馆学 , 图书馆事业 | |
| 电子资源: | ||
| ISBN: | 978-7-5013-3444-5 | |
| 000 | 01365nam 2200325 450 | |
| 001 | 012007682613 | |
| 005 | 20160323091544.20 | |
| 010 | @a978-7-5013-3444-5@dCNY38.00 | |
| 100 | @a20071107d2007 km y0chiy0120 ea | |
| 101 | 0 | @achi |
| 102 | @aCN@b110000 | |
| 105 | @ay a 000yy | |
| 106 | @ar | |
| 200 | 1 | @a从传统图书馆到数字图书馆@Acong chuan tong tu shu guan dao shu zi tu shu guan@d= Evolution : from traditional library to digital library@f富平著@Ffu ping zhu@zeng |
| 210 | @a北京@c北京图书馆出版社@d2007.07 | |
| 215 | @a259页@d23cm | |
| 225 | 2 | @a当代中国图书馆学研究文库@Adang dai zhong guo tu shu guan xue yan jiu wen ku |
| 300 | @a国家“十一五”重点出版规划项目 | |
| 320 | @a有书目。 | |
| 330 | @a本文集是作者从自己发表的50多篇论文中选出来的,主要包括两方面的内容:一是有关传统图书馆文献编目、读者服务与业务管理的内容;一是有关转型期图书馆与数字图书馆的建设发展过程中的理论模型、资源建设、标准规范、用户服务等业务研究与管理方面的内容。 | |
| 410 | 0 | @12001 @a当代中国图书馆学研究文库 |
| 510 | 1 | @aEvolution : from traditional library to digital library@zeng |
| 606 | 0 | @a数字图书馆@Ashu zi tu shu guan@j文集 |
| 606 | 0 | @a图书馆工作@Atu shu guan gong zuo@j文集 |
| 606 | 0 | @a图书馆学 |
| 606 | 0 | @a图书馆事业 |
| 690 | @aG25-53@v4 | |
| 701 | 0 | @a富平@Afu ping@4著 |
| 801 | 0 | @aCN@b@c20071107 |
| 905 | @b265857-58@dG25-53@eF992@f2 | |
| 从传统图书馆到数字图书馆= Evolution : from traditional library to digital library/富平著.-北京:北京图书馆出版社,2007.07 |
| 259页;23cm.-(当代中国图书馆学研究文库) |
| 国家“十一五”重点出版规划项目 |
| ISBN 978-7-5013-3444-5:CNY38.00 |
| 本文集是作者从自己发表的50多篇论文中选出来的,主要包括两方面的内容:一是有关传统图书馆文献编目、读者服务与业务管理的内容;一是有关转型期图书馆与数字图书馆的建设发展过程中的理论模型、资源建设、标准规范、用户服务等业务研究与管理方面的内容。 |
| ● |
| 相关链接 |
|
|
|
正题名:从传统图书馆到数字图书馆
索取号:G25-53/F992
 
预约/预借
| 序号 | 登录号 | 条形码 | 馆藏地/架位号 | 状态 | 备注 |
| 1 | 265857 | 202658579 | 社科库409/409社科库 58排7列3层/ [索取号:G25-53/F992] | 在馆 | |
| 2 | 265858 | 202658588 | 社科库409/409社科库 58排7列3层/ [索取号:G25-53/F992] | 在馆 |